[Event "Eastern Asia-ch U14 Girls"]
[Site "Tornelo INT"]
[Date "2021.10.24"]
[Round "7"]
[White "Nguyen, Thi Hong Ngoc"]
[Black "Kimaya, Yaduvanshi"]
[Result "1-0"]
[WhiteElo "1151"]
[BlackElo "1055"]
[PlyCount "121"]
[EventDate "2021.10.22"]
[EventType "swiss"]
[EventRounds "9"]
[EventCountry "NET"]
[SourceTitle "EXT 2023"]
[Source "ChessBase"]
[SourceDate "2022.10.05"]
[SourceVersion "1"]
[SourceVersionDate "2022.10.05"]
[SourceQuality "1"]

1. e4 e5 2. Nf3 Nc6 3. Bc4 Bc5 4. c3 Nf6 5. d3 h6 6. Bb3 d6 7. 0-0 0-0 8. Re1 Be6 9. Nbd2 Nh7 10. Nf1 Qd7 11. Ng3 Kh8 12. Nh4 Ne7 13. d4 exd4 14. cxd4 Bxb3 15. axb3 Bb6 16. Nhf5 Nxf5 17. Nxf5 Nf6 18. Qf3 Rfe8 19. e5 dxe5 20. dxe5 Rad8 21. Nxg7 Rxe5 22. Rf1 Kxg7 23. Bxh6+ Kh7 24. Qxf6 Rg8 25. Qxe5 Kxh6 26. Ra4 Rg4 27. Qh8+ Kg6 28. Qg8+ Kh5 29. Rxg4 Qxg4 30. Qxg4+ Kxg4 31. Rd1 Kf5 32. h4 Kg4 33. g3 f5 34. Rc1 Kf3 35. Rc3+ Ke2 36. Rc2+ Kf3 37. h5 Bd4 38. Kh2 f4 39. gxf4 Kxf4 40. Rc4 Ke5 41. Rxd4 Kxd4 42. h6 c5 43. h7 c4 44. h8Q+ Kd5 45. bxc4+ Kc5 46. Qh6 b5 47. cxb5 Kxb5 48. Qd6 a5 49. Kg3 a4 50. Kf3 a3 51. bxa3 Kc4 52. Qd2 Kc5 53. Qf4 Kd5 54. Ke3 Ke6 55. Ke4 Kd7 56. Qf6 Kc7 57. Kd5 Kb7 58. Kc5 Ka7 59. Kb5 Ka8 60. Qf7 Kb8 61. Kb6 1-0